Voca anglais - les légumes - Statistiques

Statistiques générales
  • Ce quiz a été pris 219 fois
  • Le résultat moyen est 12 sur 31
Statistiques - réponses
Hint Réponse % Correct
Carotte Carrot
96%
Tomate Tomato
91%
Avocat Avocado
75%
Oignon Onion
73%
Maïs Corn
69%
Epinard Spinach
69%
Concombre Cucumber
61%
Ail Garlic
56%
Haricot vert Green bean
54%
Brocoli broccoli
52%
Aubergine Aubergine (UK) / Eggplant (US)
46%
Salade Lettuce
39%
Petit pois Pea
39%
Courgette Courgette (UK) / Zucchini (US)
35%
Radis Radish
35%
Chou-fleur Cauliflower
34%
Asperge Asparagus
33%
Chou Cabbage
29%
Endive Chicory (UK) / Endive (US)
27%
Poireau Leek
24%
Chou de Bruxelles Brussels sprout
23%
Artichaut Artichoke
22%
Betterave Beetroot
21%
Céleri Celery
18%
Navet Turnip
13%
Fenouil Fennel
9%
Salsifi Salsify
7%
Panais Parsnip
4%
Poivron Sweet pepper
4%
Topinambour Jerusalem artichoke (UK) / Sunchoke (US)
3%
Cresson Watercress
2%
Aucun quiz correspondant
Distribution des résultats
% des personnes avec chaque résultat
Percentile par nombre de réponses
Votre historique - résultats
Vous n’avez pas pris ce quiz